000 00751cam a2200217 4500
001 WB3611-06
008 000000n2000 000 0 eng u
035 _a(Sirsi) u104853
245 _aLondon number one for European HQs
260 _c2000
490 _aLondon First Centre News Release
_v (166) 9 March 2000 (2)
520 _aThe London First Centre (the inward investment agency) has published research showing that a third of international companies choose London as their European headquarters.
590 _aWB
650 _aLONDON FIRST CENTRE
650 _aINWARD INVESTMENT
650 _aLONDON
650 _aEUROPEAN HEADQUARTERS
650 _aINTERNATIONAL COMPANIES
690 _aMANAGEMENT-BUSINESS MANAGEMENT
942 _n0
999 _c62905
_d62905